[Event "XXVII Festival Conca della Presolana A"]
[Site "Bratto - Castione della Presolana ITA"]
[Date "2007.08.26"]
[Round "4"]
[White "Mogranzini, Roberto"]
[Black "Dervishi, Erald"]
[Result "0-1"]
[WhiteElo "2411"]
[BlackElo "2553"]
[PlyCount "74"]
[EventDate "2007.08.23"]

1. e4 e5 2. Nf3 Nc6 3. Bb5 a6 4. Bxc6 dxc6 5. O-O f6 6. d4 Bg4 7. dxe5 Qxd1 8.
Rxd1 fxe5 9. Rd3 Bd6 10. Nbd2 b5 11. b3 Ne7 12. h3 Be6 13. Bb2 Ng6 14. h4 h5
15. Ng5 Bd7 16. g3 O-O 17. Kg2 c5 18. c4 Bc6 19. f3 Rfb8 20. Rc3 Nf8 21. Rc2
Nd7 22. Nh3 a5 23. cxb5 Bxb5 24. a4 Bd3 25. Rc3 c4 26. Nxc4 Bxc4 27. Rxc4 Rxb3
28. Rc2 Nb6 29. f4 Nc4 30. Bc1 Ne3+ 31. Bxe3 Rxe3 32. Kf2 Rxe4 33. Ng5 Rb4 34.
fxe5 Bxe5 35. Ra3 c5 36. Kg2 c4 37. Re3 Rb2 0-1

[Event "XXVII Festival Conca della Presolana A"]
[Site "Bratto - Castione della Presolana ITA"]
[Date "2007.08.26"]
[Round "4"]
[White "Moncelli, Giorgio"]
[Black "Salmoiraghi, Angelo"]
[Result "1-0"]
[WhiteElo "2147"]
[BlackElo "2031"]
[PlyCount "49"]
[EventDate "2007.08.23"]

1. d4 d5 2. Nf3 Nc6 3. Bf4 Bg4 4. Nbd2 Qd7 5. e3 f6 6. Be2 h5 7. h3 Be6 8. e4
Bf7 9. exd5 Bxd5 10. c4 Bxf3 11. Nxf3 e6 12. O-O g5 13. Bg3 O-O-O 14. d5 exd5
15. cxd5 Qxd5 16. Qc2 Bd6 17. Bxd6 Rxd6 18. Rfd1 Qe6 19. Rxd6 Qxd6 20. Rd1 Qe7
21. Bb5 Ne5 22. Qf5+ Kb8 23. Nxe5 fxe5 24. Qxe5 Rh7 25. Rd7 1-0

[Event "XXVII Festival Conca della Presolana A"]
[Site "Bratto - Castione della Presolana ITA"]
[Date "2007.08.26"]
[Round "4"]
[White "Pepino, Enrico"]
[Black "Pegoraro, Nicola"]
[Result "1-0"]
[WhiteElo "2153"]
[BlackElo "2061"]
[PlyCount "57"]
[EventDate "2007.08.23"]

1. e4 c5 2. Nf3 d6 3. d4 cxd4 4. Nxd4 Nf6 5. Nc3 a6 6. Be3 e5 7. Nb3 Be6 8. Qd2
Nbd7 9. f4 Rc8 10. f5 Bc4 11. O-O-O b5 12. Kb1 Be7 13. g4 Nxg4 14. Rg1 Nxe3 15.
Qxe3 Rg8 16. Bh3 Nf6 17. Rg2 Qc7 18. Nd5 Nxd5 19. exd5 Bxb3 20. axb3 Bf6 21.
Qe4 Ke7 22. Bg4 Qb7 23. Bf3 Rc7 24. Qg4 a5 25. Rdg1 Ra8 26. Qh5 Qc8 27. Rxg7
Bxg7 28. Rxg7 Qf8 29. f6+ 1-0

[Event "XXVII Festival Conca della Presolana A"]
[Site "Bratto - Castione della Presolana ITA"]
[Date "2007.08.26"]
[Round "4"]
[White "Ranfagni, Stefano"]
[Black "Pulvirenti, Gianni"]
[Result "1-0"]
[WhiteElo "2031"]
[BlackElo "1987"]
[PlyCount "45"]
[EventDate "2007.08.23"]

1. e4 d5 2. exd5 Qxd5 3. d4 e5 4. dxe5 Qxe5+ 5. Qe2 Qxe2+ 6. Bxe2 Nf6 7. Nf3
Bd6 8. O-O O-O 9. Nc3 a6 10. Bg5 Nbd7 11. Bd3 b5 12. Ne4 Nxe4 13. Bxe4 Rb8 14.
Nd4 Bb7 15. Bxb7 Rxb7 16. Nf5 Be5 17. Rad1 Nf6 18. c3 Ne4 19. Be7 Re8 20. Rfe1
Bxh2+ 21. Kxh2 Nxf2 22. Bc5 Ng4+ 23. Kg3 1-0

[Event "XXVII Festival Conca della Presolana A"]
[Site "Bratto - Castione della Presolana ITA"]
[Date "2007.08.26"]
[Round "4"]
[White "Ricci, Alfredo"]
[Black "Valsecchi, Alessio"]
[Result "0-1"]
[WhiteElo "2038"]
[BlackElo "2175"]
[PlyCount "28"]
[EventDate "2007.08.23"]

1. e4 c5 2. Nf3 Nc6 3. d4 cxd4 4. Nxd4 g6 5. Nxc6 bxc6 6. Nc3 Bg7 7. Bc4 Qc7 8.
Qf3 Nf6 9. O-O O-O 10. Re1 d6 11. Rb1 Ng4 12. Bf1 f5 13. Nd1 fxe4 14. Qxe4 d5
0-1

[Event "XXVII Festival Conca della Presolana A"]
[Site "Bratto - Castione della Presolana ITA"]
[Date "2007.08.26"]
[Round "4"]
[White "Rombaldoni, Axel"]
[Black "Piscopo, Pierluigi"]
[Result "1/2-1/2"]
[WhiteElo "2269"]
[BlackElo "2392"]
[PlyCount "105"]
[EventDate "2007.08.23"]

1. e4 c5 2. Nf3 Nc6 3. d4 cxd4 4. Nxd4 e5 5. Nb5 d6 6. a4 Be6 7. N1c3 a6 8. Na3
Rc8 9. Bc4 Qh4 10. O-O Nd4 11. Bxe6 fxe6 12. Be3 Nf6 13. Bxd4 exd4 14. Qxd4 Be7
15. h3 O-O 16. Qe3 Nd7 17. Ne2 Nc5 18. b4 Nxa4 19. Qb3 b5 20. Qxe6+ Kh8 21.
Rad1 d5 22. exd5 Bxb4 23. Rd4 Qe7 24. Qxe7 Bxe7 25. d6 Bf6 26. Rd2 Nc5 27. Rd5
Nd7 28. Rb1 Rfe8 29. Kf1 Re4 30. c4 bxc4 31. Rb7 Rd8 32. f3 Re5 33. Rxe5 Nxe5
34. f4 Nd3 35. Nxc4 h6 36. g3 Kg8 37. Rb3 Nc5 38. Rb6 a5 39. Nxa5 Ne4 40. Nc4
Kf7 41. Kg2 Ke6 42. Kf3 Nxd6 43. Kg4 g6 44. Nxd6 h5+ 45. Kf3 Rxd6 46. Rxd6+
Kxd6 47. Ke4 Ke6 48. Nd4+ Kf7 49. Nf3 Bd8 50. Ne5+ Kg7 51. Nc4 Bc7 52. Kd5 h4
53. gxh4 1/2-1/2

[Event "XXVII Festival Conca della Presolana A"]
[Site "Bratto - Castione della Presolana ITA"]
[Date "2007.08.26"]
[Round "4"]
[White "Sax, Gyula"]
[Black "Wall, Gavin"]
[Result "0-1"]
[WhiteElo "2522"]
[BlackElo "2328"]
[PlyCount "200"]
[EventDate "2007.08.23"]

1. e4 e5 2. Nf3 d6 3. d4 exd4 4. Nxd4 Nf6 5. Nc3 Be7 6. Nde2 c6 7. g3 b5 8. a3
Bb7 9. Bg2 Nbd7 10. O-O a6 11. Nd4 Qc7 12. Nf5 Bf8 13. Bf4 Ne5 14. Bg5 Nfd7 15.
f4 Ng6 16. Nh4 Ne7 17. f5 O-O-O 18. f6 gxf6 19. Bxf6 Nxf6 20. Rxf6 Ng6 21. Nf5
Ne5 22. Kh1 h5 23. h3 Rd7 24. Nd4 Bg7 25. Rf5 Nc4 26. Qg1 Nxb2 27. Raf1 Nc4 28.
a4 b4 29. Nce2 h4 30. g4 Re8 31. Nb3 Ne5 32. Qf2 c5 33. Qxh4 Bc6 34. Nf4 c4 35.
Nd2 c3 36. Nb3 Nc4 37. Qf2 Qa7 38. Nd3 Qxf2 39. R1xf2 Ne3 40. Nxb4 Nxf5 41.
Nxc6 Ng3+ 42. Kg1 Nxe4 43. Re2 Nf6 44. Rxe8+ Nxe8 45. g5 Nc7 46. h4 Ne6 47. Nb4
Kd8 48. Nxa6 Nd4 49. Nxd4 Bxd4+ 50. Kh2 Ra7 51. Bf1 Re7 52. Kg3 Re1 53. Bb5
Be5+ 54. Kg4 Rd1 55. Kf3 Rd4 56. h5 Rf4+ 57. Ke3 Rg4 58. g6 fxg6 59. hxg6 Rxg6
60. Nb4 Rg3+ 61. Ke2 Kc7 62. Nd5+ Kb7 63. Bd3 Kc6 64. Ne3 Kb6 65. Nc4+ Kc5 66.
a5 Bf4 67. a6 d5 68. a7 Rg8 69. Na3 Bc7 70. Nb5 Bb6 71. Nxc3 Bxa7 72. Kf3 Bb8
73. Ne2 Be5 74. Ke3 Bd4+ 75. Kd2 Re8 76. c3 Bg7 77. Kc2 Ra8 78. Kb2 Ra4 79. Nc1
Kd6 80. Ne2 Ke5 81. Bc2 Ra8 82. Bd3 Rb8+ 83. Kc2 Rb6 84. Bh7 Bh6 85. Bd3 Be3
86. Bh7 Rc6 87. Kb3 Rh6 88. Bd3 Rh3 89. Kc2 Kf6 90. Bb5 Rh2 91. Kd3 Bc5 92. Kd2
Kf5 93. Bd3+ Kg4 94. c4 d4 95. Be4 Rh3 96. Bd3 Rh1 97. Bf5+ Kf3 98. Be4+ Kxe4
99. Ng3+ Kf3 100. Nxh1 Kg2 0-1

[Event "XXVII Festival Conca della Presolana A"]
[Site "Bratto - Castione della Presolana ITA"]
[Date "2007.08.26"]
[Round "4"]
[White "Scalcione, Michelangelo"]
[Black "Martinez, Rolly"]
[Result "0-1"]
[WhiteElo "2288"]
[BlackElo "2428"]
[PlyCount "102"]
[EventDate "2007.08.23"]

1. d4 Nf6 2. c4 e6 3. Nc3 Bb4 4. Qc2 Nc6 5. Nf3 d6 6. Bd2 O-O 7. a3 Bxc3 8.
Bxc3 a5 9. e4 e5 10. O-O-O Qe7 11. d5 Nb8 12. Ne1 c6 13. dxc6 bxc6 14. f3 c5
15. Qd2 Ra6 16. Nc2 Bd7 17. Ne3 Ne8 18. Nd5 Qd8 19. h4 Nc6 20. Qg5 f6 21. Qg3
Nd4 22. Bd3 Nc7 23. Kb1 Nxd5 24. exd5 Rb6 25. h5 Rb3 26. Bxd4 cxd4 27. Bc2 Rb7
28. h6 g5 29. f4 Qb6 30. b3 exf4 31. Qd3 Bg4 32. Rde1 Qa7 33. Ka2 Rc7 34. Bd1
Bxd1 35. Rxd1 Re7 36. Qxd4 Re2+ 37. Ka1 Qxd4+ 38. Rxd4 Rb8 39. Rd3 Rxg2 40. Re1
Rg3 41. Rxg3 fxg3 42. Kb2 f5 43. Rg1 f4 44. Kc3 Re8 45. b4 Re3+ 46. Kd4 Rxa3
47. c5 axb4 48. cxd6 Kf7 49. Ke5 f3 50. Rc1 Re3+ 51. Kd4 Rc3 0-1

[Event "XXVII Festival Conca della Presolana A"]
[Site "Bratto - Castione della Presolana ITA"]
[Date "2007.08.26"]
[Round "4"]
[White "Spassov, Liuben D."]
[Black "Khenkin, Igor"]
[Result "1-0"]
[WhiteElo "2383"]
[BlackElo "2602"]
[PlyCount "104"]
[EventDate "2007.08.23"]

1. d4 Nf6 2. c4 g6 3. Nc3 d5 4. cxd5 Nxd5 5. Bd2 Bg7 6. e4 Nb6 7. Be3 O-O 8.
Bb5 a6 9. Be2 f5 10. Qb3+ Kh8 11. Nf3 f4 12. Bd2 Nc6 13. d5 Ne5 14. Nxe5 Bxe5
15. Bf3 Qd6 16. Ne2 Bd7 17. Bc3 Na4 18. Bxe5+ Qxe5 19. O-O-O Rf6 20. Rd2 Rb6
21. Qa3 Kg7 22. Rhd1 a5 23. Rc2 Rb4 24. b3 Kf6 25. bxa4 Bxa4 26. Qc3 Bxc2 27.
Kxc2 Qxc3+ 28. Kxc3 Ke5 29. Nc1 Kf6 30. Nd3 Ra4 31. Rd2 g5 32. h3 b5 33. e5+
Kg7 34. Rc2 Rc4+ 35. Kb2 Rb8 36. Nc5 Kg6 37. Be4+ Kf7 38. Rxc4 bxc4+ 39. Kc3 h6
40. Na6 Rb6 41. Nxc7 a4 42. Kxc4 Rb2 43. d6 e6 44. Bc6 Rc2+ 45. Kb5 Rxa2 46.
Be8+ Kf8 47. d7 Ke7 48. Nxe6 Rd2 49. d8=Q+ Rxd8 50. Nxd8 Kxe8 51. Nc6 Kd7 52.
Kc5 Ke8 1-0

[Event "XXVII Festival Conca della Presolana A"]
[Site "Bratto - Castione della Presolana ITA"]
[Date "2007.08.26"]
[Round "4"]
[White "Tatai, Stefano"]
[Black "Shytaj, Luca"]
[Result "0-1"]
[WhiteElo "2334"]
[BlackElo "2451"]
[PlyCount "102"]
[EventDate "2007.08.23"]

1. e4 c5 2. Nf3 d6 3. Bb5+ Bd7 4. Bxd7+ Qxd7 5. O-O Nc6 6. c3 d5 7. d3 e6 8.
Qe2 Nge7 9. Na3 Ng6 10. e5 f6 11. exf6 gxf6 12. Ne1 O-O-O 13. f4 Bd6 14. Qh5
Nce7 15. Nac2 Qc7 16. g3 Rdg8 17. Ng2 Nf5 18. Bd2 Ng7 19. Qh6 Qf7 20. Nce3 Ne7
21. Nh4 Re8 22. Nhg2 Ngf5 23. Qh3 h5 24. Rae1 Reg8 25. Rf3 Kb8 26. Nxf5 Nxf5
27. Ne3 h4 28. g4 Qg6 29. Nxf5 exf5 30. g5 fxg5 31. fxg5 f4 32. Qg4 Qxg5 33.
Qxg5 Rxg5+ 34. Kh1 Rf8 35. Rg1 Rxg1+ 36. Kxg1 Kc8 37. Kg2 Kd7 38. Kh3 Ke6 39.
Rf2 Kf5 40. Re2 Rg8 41. Be1 b5 42. Bf2 a5 43. b3 a4 44. bxa4 bxa4 45. c4 d4 46.
Rb2 f3 47. Bxh4 Rh8 48. Rb7 Kf4 49. Rf7+ Ke3 50. Kg4 Rg8+ 51. Bg5+ Ke2 0-1

[Event "XXVII Festival Conca della Presolana A"]
[Site "Bratto - Castione della Presolana ITA"]
[Date "2007.08.26"]
[Round "4"]
[White "Testa, Adriano"]
[Black "Podini, Francesco"]
[Result "1-0"]
[WhiteElo "1927"]
[BlackElo "2075"]
[PlyCount "119"]
[EventDate "2007.08.23"]

1. e4 c5 2. a3 e6 3. b4 cxb4 4. axb4 Bxb4 5. Bb2 Nf6 6. e5 Nd5 7. c4 Ne7 8. Na3
Qb6 9. Rb1 Qa5 10. Nc2 Nbc6 11. Nxb4 Qxb4 12. Bc3 Qa3 13. Ra1 Qc5 14. d4 Qb6
15. Rb1 Qd8 16. Bd3 d6 17. exd6 Qxd6 18. Nf3 O-O 19. O-O Ng6 20. Be4 Qf4 21.
Qc2 f5 22. Bxc6 bxc6 23. Qa4 Bd7 24. Rb7 Rf7 25. Rxa7 Rxa7 26. Qxa7 Qg4 27. h3
Qf4 28. Rb1 c5 29. Qxc5 h6 30. Re1 Kh7 31. Qb6 Bc8 32. Qb1 Bb7 33. Re3 Be4 34.
Qe1 Rb7 35. Nd2 Bc2 36. Rxe6 Qg5 37. Nf3 Qf4 38. Qd2 Rb1+ 39. Re1 Qe4 40. Rxb1
Bxb1 41. Qe3 Nf4 42. Bd2 Ne2+ 43. Kh2 Ba2 44. d5 Bxc4 45. Qxe4 fxe4 46. d6 Bb5
47. Ne5 Nd4 48. d7 Ne6 49. Ba5 Bxd7 50. Nxd7 Kg6 51. Bc3 Kf5 52. Bd2 h5 53. Be3
g5 54. g3 Nc7 55. Nf8 Nd5 56. Nh7 g4 57. h4 Nb4 58. Kg2 Nd3 59. Kf1 Ne5 60. Ng5
1-0

[Event "XXVII Festival Conca della Presolana A"]
[Site "Bratto - Castione della Presolana ITA"]
[Date "2007.08.26"]
[Round "4"]
[White "Tramalloni, Luca"]
[Black "Tocchioni, Doriano"]
[Result "0-1"]
[WhiteElo "2111"]
[BlackElo "2261"]
[PlyCount "86"]
[EventDate "2007.08.23"]

1. d4 Nf6 2. c4 e6 3. g3 c5 4. Nf3 d5 5. cxd5 Nxd5 6. Bg2 Nc6 7. O-O Be7 8.
dxc5 Bxc5 9. Nbd2 Qe7 10. Nb3 Bb6 11. Nbd4 O-O 12. Nxc6 bxc6 13. Qa4 Bd7 14.
Ne5 Be8 15. b3 f6 16. Nd3 c5 17. Qc4 Rc8 18. Ba3 Bf7 19. Rac1 Rfd8 20. Bxc5
Bxc5 21. Nxc5 e5 22. Qb5 f5 23. e4 Nc7 24. Qe2 f4 25. Bh3 Ne6 26. Nxe6 Bxe6 27.
Bxe6+ Qxe6 28. gxf4 exf4 29. f3 Qb6+ 30. Kh1 h6 31. Rfe1 Qd4 32. Rcd1 Qc3 33.
e5 Rxd1 34. Qxd1 Qc6 35. Qe2 g5 36. e6 Re8 37. Kg2 Qd5 38. Qe4 Qxe4 39. Rxe4
Re7 40. h4 Kg7 41. hxg5 hxg5 42. Kh3 Kf6 43. Kg4 Rh7 0-1

[Event "XXVII Festival Conca della Presolana A"]
[Site "Bratto - Castione della Presolana ITA"]
[Date "2007.08.26"]
[Round "4"]
[White "Turci, Alberto"]
[Black "Miatello, Alberto"]
[Result "0-1"]
[WhiteElo "2007"]
[BlackElo "2062"]
[PlyCount "106"]
[EventDate "2007.08.23"]

1. f4 c5 2. Nf3 g6 3. e3 Bg7 4. d4 d6 5. dxc5 Qa5+ 6. c3 Qxc5 7. Bd3 Nh6 8. Qe2
O-O 9. e4 Nc6 10. Be3 Qh5 11. Nbd2 Ng4 12. Bg1 Bh6 13. g3 e5 14. O-O-O exf4 15.
gxf4 Bxf4 16. Rf1 Qa5 17. Kb1 Nge5 18. Bc2 Bh3 19. Rd1 Bg4 20. Be3 Bxe3 21.
Qxe3 Nxf3 22. Nxf3 Ne5 23. Rd5 Qc7 24. Ne1 Be6 25. Rd1 b5 26. Qd4 Rfd8 27. Nd3
a5 28. Nf4 a4 29. Nd5 Bxd5 30. Qxd5 Nc4 31. Qd4 a3 32. b3 Ne5 33. h4 Rac8 34.
Rh3 h5 35. Rf1 Qc5 36. Qd2 Kg7 37. Qf4 b4 38. c4 Qd4 39. Qc1 Rd7 40. Rd1 Qb6
41. Qf4 Ng4 42. Rf3 Qd8 43. Rh3 Qf6 44. Qc1 Rc5 45. Rf1 Qe5 46. Re1 Re7 47.
Rhh1 Rc8 48. Bd1 Nf2 49. Rhg1 Nd3 50. Qc2 Nxe1 51. Rxe1 d5 52. Qg2 dxc4 53.
bxc4 Rxc4 0-1

[Event "XXVII Festival Conca della Presolana A"]
[Site "Bratto - Castione della Presolana ITA"]
[Date "2007.08.26"]
[Round "4"]
[White "Valenti, Giuseppe"]
[Black "Gasperoni, Stefano"]
[Result "1/2-1/2"]
[WhiteElo "2221"]
[BlackElo "2024"]
[PlyCount "112"]
[EventDate "2007.08.23"]

1. e4 e5 2. Nf3 Nc6 3. Bb5 a6 4. Ba4 Nf6 5. O-O Be7 6. Re1 b5 7. Bb3 d6 8. c3
O-O 9. h3 Na5 10. Bc2 c5 11. d4 Qc7 12. d5 c4 13. Nbd2 Nb7 14. Nf1 Nc5 15. Ng3
h6 16. Be3 Bd7 17. Qd2 Kh7 18. Nh4 Ng8 19. Nhf5 Bxf5 20. Nxf5 Bf6 21. g4 Ne7
22. Ng3 Ng8 23. Rf1 g6 24. Kg2 Nd7 25. h4 Qd8 26. Rh1 Bg7 27. h5 g5 28. Nf5
Ndf6 29. f3 Ne8 30. a4 f6 31. Ra2 Rf7 32. Rha1 Rb8 33. axb5 axb5 34. Ba7 Rbb7
35. Bf2 Bf8 36. Ra8 Rb8 37. R8a6 Ng7 38. Ne3 Rfb7 39. Bd1 Qc7 40. Nc2 Qd7 41.
Nb4 Rc8 42. Rc6 Ne8 43. Raa6 Ne7 44. b3 cxb3 45. Bxb3 Rbc7 46. Bb6 Rb7 47. Ba5
Rcb8 48. Qd3 Nc8 49. c4 Nc7 50. Bxc7 Rxc7 51. cxb5 Rcb7 52. Qc4 Be7 53. Ba4 Nb6
54. Raxb6 Rxb6 55. Rc7 Qd8 56. Ra7 R8b7 1/2-1/2

[Event "XXVII Festival Conca della Presolana A"]
[Site "Bratto - Castione della Presolana ITA"]
[Date "2007.08.26"]
[Round "4"]
[White "Vocaturo, Daniele"]
[Black "Pomaro, Alberto"]
[Result "1/2-1/2"]
[WhiteElo "2459"]
[BlackElo "2149"]
[PlyCount "138"]
[EventDate "2007.08.23"]

1. d4 Nf6 2. Nf3 g6 3. Nc3 Bg7 4. e4 d6 5. h3 O-O 6. Be3 e5 7. dxe5 dxe5 8.
Qxd8 Rxd8 9. Bc4 Be6 10. Bxe6 fxe6 11. Ng5 Re8 12. O-O-O a6 13. Rd3 Nc6 14.
Rhd1 Rad8 15. a3 Rxd3 16. Rxd3 h6 17. Nf3 Kf7 18. b4 b5 19. Kb2 Bf8 20. Kb3 Rb8
21. Nb1 Bd6 22. Nbd2 g5 23. Rc3 Ne7 24. Ne1 Nd7 25. Nd3 Nb6 26. Nc5 Bxc5 27.
Bxc5 Ng6 28. Be3 Rb7 29. g3 Ne7 30. Rd3 Nc6 31. c3 Kf6 32. h4 Rb8 33. hxg5+
hxg5 34. Bxb6 cxb6 35. Nf1 Ke7 36. Ne3 a5 37. Kc2 Rc8 38. Kd1 Nd8 39. Ke2 Nf7
40. Nf1 Nd6 41. Nd2 Rh8 42. Nf3 Nc4 43. Rd1 Nxa3 44. Nxe5 Rc8 45. bxa5 bxa5 46.
Rd7+ Ke8 47. Ra7 Rxc3 48. Rxa5 Ke7 49. Nd3 Rb3 50. Ra7+ Ke8 51. Ra6 Kf7 52.
Ne5+ Ke7 53. Nc6+ Kd7 54. Nd4 Rb2+ 55. Kf1 e5 56. Ra7+ Kc8 57. Rxa3 exd4 58.
Rd3 Rb4 59. f4 gxf4 60. gxf4 Kd7 61. f5 Rc4 62. e5 Rc5 63. Rxd4+ Ke7 64. f6+
Ke6 65. Rf4 Rc7 66. Kf2 b4 67. Rf3 b3 68. Rxb3 Kxe5 69. Rf3 Rf7 1/2-1/2

[Event "XXVII Festival Conca della Presolana A"]
[Site "Bratto - Castione della Presolana ITA"]
[Date "2007.08.26"]
[Round "4"]
[White "Zimina, Olga"]
[Black "Romanishin, Oleg M."]
[Result "1/2-1/2"]
[WhiteElo "2377"]
[BlackElo "2546"]
[PlyCount "32"]
[EventDate "2007.08.23"]

1. e4 e5 2. Nf3 Nc6 3. Bb5 a6 4. Ba4 Nf6 5. O-O Be7 6. Re1 b5 7. Bb3 d6 8. c3
O-O 9. d4 Bg4 10. Be3 Bh5 11. Nbd2 Na5 12. Bc2 Ng4 13. b4 Nc6 14. d5 Nb8 15. a4
Nxe3 16. fxe3 c6 1/2-1/2

[Event "XXVII Festival Conca della Presolana A"]
[Site "Bratto - Castione della Presolana ITA"]
[Date "2007.08.27"]
[Round "5"]
[White "Aagaard, Jacob"]
[Black "Hunt, Adam C."]
[Result "1/2-1/2"]
[WhiteElo "2467"]
[BlackElo "2461"]
[PlyCount "47"]
[EventDate "2007.08.23"]

1. e4 c5 2. Nf3 d6 3. d4 cxd4 4. Nxd4 Nf6 5. Nc3 a6 6. Be2 e5 7. Nb3 Be7 8. O-O
O-O 9. Be3 Be6 10. Nd5 Nbd7 11. Qd3 Bxd5 12. exd5 Rc8 13. c4 a5 14. Rac1 a4 15.
Nd2 Nc5 16. Bxc5 Rxc5 17. Rfd1 Qd7 18. b4 axb3 19. Nxb3 Rc7 20. Qe3 Qa4 21. Rc2
Nd7 22. Rb2 g6 23. Rdb1 Bf6 24. Nd2 1/2-1/2

[Event "XXVII Festival Conca della Presolana A"]
[Site "Bratto - Castione della Presolana ITA"]
[Date "2007.08.27"]
[Round "5"]
[White "Andreoli, Renato"]
[Black "Ricci, Alfredo"]
[Result "1-0"]
[WhiteElo "2145"]
[BlackElo "2038"]
[PlyCount "125"]
[EventDate "2007.08.23"]

1. Nf3 d5 2. g3 Nf6 3. Bg2 g6 4. O-O Bg7 5. d4 O-O 6. c4 c6 7. cxd5 cxd5 8. Nc3
Nc6 9. Ne5 Be6 10. Nxc6 bxc6 11. Na4 Ne4 12. Bf4 g5 13. Be3 h6 14. Rc1 Qa5 15.
b3 Rac8 16. f3 Nd6 17. Bf2 Bf5 18. e3 e5 19. dxe5 Bxe5 20. e4 Be6 21. Be1 Qd8
22. f4 Bg7 23. f5 Bd7 24. exd5 Nxf5 25. dxc6 Bd4+ 26. Bf2 Be6 27. Bxd4 Qxd4+
28. Qxd4 Nxd4 29. Kh1 Rfd8 30. Rfd1 Nxc6 31. Rxd8+ Nxd8 32. Rxc8 Bxc8 33. Nc3
Kf8 34. Kg1 Ke7 35. Kf2 Bd7 36. Ke3 Kd6 37. b4 f5 38. Bf1 Ke5 39. Nb5 Nc6 40.
a3 a5 41. bxa5 Nxa5 42. Nc3 Be6 43. a4 Nb3 44. Bb5 f4+ 45. gxf4+ gxf4+ 46. Kf2
Bc8 47. Nd1 Bb7 48. Nb2 Bd5 49. Bc4 Bxc4 50. Nxc4+ Kd4 51. a5 Nc5 52. Nd6 h5
53. Nb7 Na6 54. Kf3 Ke5 55. Nd8 Kf5 56. h4 Nb4 57. Nf7 Nc6 58. a6 Nd4+ 59. Kf2
Nb5 60. Nd6+ Nxd6 61. a7 Kg4 62. a8=Q Nf5 63. Qf3+ 1-0

[Event "XXVII Festival Conca della Presolana A"]
[Site "Bratto - Castione della Presolana ITA"]
[Date "2007.08.27"]
[Round "5"]
[White "Andreolini, Mauro"]
[Black "Ranfagni, Stefano"]
[Result "1-0"]
[WhiteElo "2219"]
[BlackElo "2031"]
[PlyCount "91"]
[EventDate "2007.08.23"]

1. e4 e6 2. d4 d5 3. Nc3 dxe4 4. Nxe4 Nd7 5. Nf3 Ngf6 6. Bg5 Be7 7. Nxf6+ Nxf6
8. Bd3 h6 9. Bd2 c5 10. dxc5 Bxc5 11. Qe2 Ng4 12. O-O Bd7 13. Rad1 Qb6 14. b4
Bd6 15. c4 Qc7 16. h3 h5 17. c5 Bh2+ 18. Kh1 Bf4 19. Bxf4 Qxf4 20. Bb5 O-O-O
21. Bxd7+ Rxd7 22. Rxd7 Kxd7 23. Qb5+ Kc7 24. c6 b6 25. Qa6 Kxc6 26. Qxa7 Nf6
27. Qxf7 Qxb4 28. Qxg7 Qf8 29. Rc1+ Kb5 30. Qc7 Qb4 31. Qe5+ Ka6 32. Qxf6 Qa3
33. Re1 Rc8 34. Qxe6 Rc2 35. Qe4 Qxa2 36. Qa8+ Kb5 37. Re5+ Kb4 38. Qf8+ Kc3
39. Re3+ Kc4 40. Qf7+ Kb4 41. Qb7 b5 42. Qe7+ Ka4 43. Re4+ Rc4 44. Qa7+ Kb3 45.
Re3+ Kb2 46. Re2+ 1-0

[Event "XXVII Festival Conca della Presolana A"]
[Site "Bratto - Castione della Presolana ITA"]
[Date "2007.08.27"]
[Round "5"]
[White "Astengo, Corrado"]
[Black "Tatai, Stefano"]
[Result "0-1"]
[WhiteElo "2109"]
[BlackElo "2334"]
[PlyCount "68"]
[EventDate "2007.08.23"]

1. e4 c5 2. Nf3 a6 3. Nc3 d6 4. d4 cxd4 5. Nxd4 Nf6 6. Bg5 e6 7. f4 Qb6 8. Nb3
Nbd7 9. Qf3 Qc7 10. O-O-O b5 11. Bd3 b4 12. e5 bxc3 13. exf6 cxb2+ 14. Kb1 Bb7
15. Qh5 g6 16. Qh3 Nc5 17. Nxc5 Qxc5 18. Rhe1 O-O-O 19. Be4 d5 20. Bxg6 hxg6
21. Qxh8 d4 22. Re5 Bd5 23. Rxd5 Qxd5 24. Qh7 Qb7 25. Rd3 Bb4 26. Rb3 Qe4 27.
Qh3 Bc3 28. Rxc3+ dxc3 29. Qxc3+ Kd7 30. Qc5 Rb8 31. Qc3 Qxg2 32. Qd4+ Qd5 33.
Qa7+ Rb7 34. Qg1 a5 0-1

[Event "XXVII Festival Conca della Presolana A"]
[Site "Bratto - Castione della Presolana ITA"]
[Date "2007.08.27"]
[Round "5"]
[White "Barlocco, Carlo"]
[Black "Manca, Federico"]
[Result "1/2-1/2"]
[WhiteElo "2116"]
[BlackElo "2417"]
[PlyCount "88"]
[EventDate "2007.08.23"]

1. d4 Nf6 2. Nf3 g6 3. c4 Bg7 4. Nc3 O-O 5. Bf4 d6 6. e3 c5 7. Be2 Qb6 8. Qb3
Qxb3 9. axb3 Nc6 10. dxc5 dxc5 11. O-O Nh5 12. Bg5 h6 13. Bh4 g5 14. Ne1 Nf6
15. Bg3 Bf5 16. Nd3 b6 17. Ne5 Na5 18. Bf3 Nxb3 19. Rad1 Bc2 20. Bxa8 Rxa8 21.
Nb5 Bxd1 22. Rxd1 Ne4 23. Nc6 Nxg3 24. Nc7 Rf8 25. Nxe7+ Kh7 26. hxg3 Na5 27.
b3 Nxb3 28. Rd7 Na5 29. Nf5 Be5 30. Nd5 Nxc4 31. Rxa7 Rd8 32. e4 Nd6 33. Nxd6
Rxd6 34. Rxf7+ Kg6 35. Rb7 c4 36. Kf1 g4 37. Rxb6 Rxb6 38. Nxb6 c3 39. Ke2 c2
40. Kd2 Bd4 41. Nd5 Bxf2 42. Nf4+ Kf7 43. Nh5 Kg6 44. Nf4+ Kf7 1/2-1/2

[Event "XXVII Festival Conca della Presolana A"]
[Site "Bratto - Castione della Presolana ITA"]
[Date "2007.08.27"]
[Round "5"]
[White "Bove, Alessandro"]
[Black "Canova, Luca"]
[Result "1-0"]
[WhiteElo "2173"]
[BlackElo "2082"]
[PlyCount "57"]
[EventDate "2007.08.23"]

1. Nf3 Nf6 2. c4 e6 3. g3 b6 4. Bg2 Bb7 5. O-O Be7 6. d4 O-O 7. Nc3 d5 8. cxd5
exd5 9. Ne5 Nbd7 10. Nd3 Ne4 11. Nf4 Ndf6 12. Qd3 Qd7 13. Nfxd5 Bxd5 14. Nxe4
Qc6 15. Nxf6+ Bxf6 16. e4 Bc4 17. Qc3 Bxd4 18. Qxd4 Bxf1 19. Bxf1 Rad8 20. Qc4
Qxc4 21. Bxc4 Rd4 22. b3 Rxe4 23. Be3 Rd8 24. Kf1 c6 25. a4 Kf8 26. a5 b5 27.
Be2 a6 28. Rc1 Re6 29. Bf3 1-0

[Event "XXVII Festival Conca della Presolana A"]
[Site "Bratto - Castione della Presolana ITA"]
[Date "2007.08.27"]
[Round "5"]
[White "Bracaglia, Carlo"]
[Black "Melotti, Dario"]
[Result "0-1"]
[WhiteElo "2134"]
[BlackElo "2067"]
[PlyCount "48"]
[EventDate "2007.08.23"]

1. e4 e6 2. d4 d5 3. e5 c5 4. c3 Nc6 5. Nf3 Qb6 6. a3 Nh6 7. b4 cxd4 8. cxd4
Nf5 9. Be3 Bd7 10. Nc3 Nxe3 11. fxe3 Nxb4 12. Be2 Rc8 13. Rc1 Qa5 14. Qb3 Na2
15. Qxa2 Rxc3 16. O-O Bxa3 17. Rb1 Qc7 18. Ng5 O-O 19. Bg4 Be7 20. Qxa7 Bxg5
21. Rxb7 Bxe3+ 22. Kh1 Rc1 23. Bd1 Qc4 24. Re1 Qc3 0-1

[Event "XXVII Festival Conca della Presolana A"]
[Site "Bratto - Castione della Presolana ITA"]
[Date "2007.08.27"]
[Round "5"]
[White "Bresciani, Nicola"]
[Black "Schaefer, Markus"]
[Result "1/2-1/2"]
[WhiteElo "2278"]
[BlackElo "2411"]
[PlyCount "91"]
[EventDate "2007.08.23"]

1. e4 e6 2. d4 d5 3. Nd2 Nf6 4. e5 Nfd7 5. c3 c5 6. Bd3 Nc6 7. Ne2 cxd4 8. cxd4
f6 9. exf6 Nxf6 10. Nf3 Bd6 11. O-O Qc7 12. Bg5 O-O 13. Bh4 Bd7 14. Bg3 Be8 15.
Bxd6 Qxd6 16. Ng3 Bh5 17. Nxh5 Nxh5 18. Ng5 Nf6 19. Re1 Rae8 20. Nf3 e5 21.
dxe5 Nxe5 22. Nxe5 Rxe5 23. Rxe5 Qxe5 24. Qe2 Qd4 25. Rd1 Qb6 26. h3 Re8 27.
Qc2 Ne4 28. Re1 Qa5 29. Re3 h6 30. Bxe4 dxe4 31. Rxe4 Rxe4 32. Qxe4 Qxa2 33.
Qxb7 a5 34. b3 Qb1+ 35. Kh2 Qf5 36. Qb6 Kh7 37. Qe3 Qd5 38. f4 Kh8 39. g4 Kh7
40. Kg3 Kh8 41. h4 Qb5 42. h5 a4 43. bxa4 Qxa4 44. g5 hxg5 45. fxg5 Qd1 46.
Qe8+ 1/2-1/2